Szczegóły MARC21

Writing tasks : an authentic-task approach to individual writing needs : teacher's book /

003 -Nazwa inst., której nr kontr. jest w polu 001 [,]
    • @
    • Nazwa instytucji, której n kontrolny jest w polu 001
    • NUKAT
005 -DATA I CZAS OSTATNIEJ MODYFIKACJI [,]
    • @
    • pole kontrolne
    • 20180704012700.0
020 -Międzynarod. znormalizowany nr książki - ISBN [ , ]
    • a
    • Numer ISBN
    • 0521289726 Find
    • q
    • Dopowiedzenie
    • teacher's book
020 -Międzynarod. znormalizowany nr książki - ISBN [ , ]
    • a
    • Numer ISBN
    • 0521229243 Find
    • q
    • Dopowiedzenie
    • student's book
040 -Instytucja sporządzająca opis [ , ]
    • a
    • Instytucja, która sporządziła opis (NP)
    • GD U/3Schu
    • c
    • Instytucja, która sporządziła rekord (NP)
    • GD U/3Schu
942 -Rodzaj dokumentu [ , ]
    • c
    • Rodzaj dokumentu
    • Książka
100 -Hasło główne - nazwa osobowa [1, ]
    • a
    • Nazwa osobowa (NP)
    • Jolly, David.
    • 9
    • KHW
    • 473455
245 -Strefa tytułu i oznaczenia odpowiedzialności [1,0]
    • a
    • Tytuł
    • Writing tasks : Find
    • b
    • Ciąg dalszy tytułu (NP)
    • an authentic-task approach to individual writing needs : teacher's book / Find
    • c
    • Pozostałe elementy strefy tytułu i oznaczenia odpowiedzialności (NP)
    • David Jolly.
250 -Strefa wydania [ , ]
    • a
    • Oznaczenie wydania (NP)
    • 1st publ., 5th print.
260 -Strefa adresu wydawniczego [ , ]
    • a
    • Miejsce wydania (P)
    • Cambridge [etc.] :
    • b
    • Nazwa wydawcy (P)
    • Cambridge University Press,
    • c
    • Data wydania (P)
    • 1991.
300 -Strefa opisu fizycznego [ , ]
    • a
    • Określenie formy książki i/lub objętość (NP)
    • VI, 170 s. :
    • b
    • Oznaczenie ilustracji (NP)
    • il. ;
    • c
    • Format (NP)
    • 24 cm.
336 -Typ zawartości [ , ]
    • a
    • Termin opisujący typ zawartości
    • Tekst
    • b
    • Kod określający zawartość
    • txt
    • 2
    • Źródło (terminu i kodu)
    • rdacontent
337 -Typ mediów [ , ]
    • a
    • Tryb odtwarzania
    • Bez urządzenia pośredniczącego
    • b
    • Kod typu mediów
    • n
    • 2
    • Źródło (terminu i kodu)
    • rdamedia
338 -Typ/rodzaj nośnika [ , ]
    • a
    • Hasło opisujące typ nośnika
    • Wolumin
    • b
    • Kod typu nośnika
    • nc
    • 2
    • Źródło (terminu i kodu)
    • rdacarrier
920 -ISBN [ , ]
    • a
    • ISBN
    • 0-521-28972-6 Find
    • q
    • Dopowiedzenie
    • teacher's book
920 -ISBN [ , ]
    • a
    • ISBN
    • 0-521-22924-3 Find
    • q
    • Dopowiedzenie
    • student's book
Lokalizacja Status udost. Numer inwentarzowy Sygnatura
BM1A.1473ANG. Metodyka - pisanie 25
BM-3A.1474 
BM-3A.1475 
BM-3A.1476 
BM-3A.1477